000 00484nam a22001337a 4500
005 20241004110132.0
008 241004b |||||||| |||| 00| 0 eng d
100 _aVictoria, Pablo J.
_eauthor.
_962261
245 _aAn art educator's life /
_cPablo J. Victoria.
260 _aPhilippines:
_bPublishers Association of the Philippines, Inc.,
_cFebruary 2019.
300 _aVolume 66, pages 331-334,
_billustration.
700 _aVictoria, Pablo J.
_eauthor.
_962262
942 _2ddc
_cPER
999 _c22223
_d22223